000 00306nam a22001217a 4500
008 230704b xxu||||| |||| 00| 0 eng d
082 _a342.941
_bHUN
100 _cHungary
245 _aLegislation of the Hungarian Parliament
_b1990
260 _aHungary
_c1990
300 _avarious paging
942 _2ddc
_cBK
999 _c3638
_d3638